000 01169nam a2200313 c 4500
003 BLK
005 20250624134046.0
008 180412b bul|||||r ||||||| ||bul||
010 _aKNG00012266000
020 _a954-07-0861-3
_bиздат.: Унив. изд. Св. Климент Охридски
040 _aBLK
041 _aBUL
_cBUL
080 _aОбщи въпроси на дидактиката и методиката
_b37.02
_x
_z37.02
100 1 _aАндреев, Марин Лазаров
_eпърви автор
_9250125
139 _aАндреев, Марин Лазаров
_bА 66
245 1 0 _aПроцесът на обучението
_bДидактика
_cМарин Лазаров Андреев.
257 _aBGR
260 София
_bУнив. изд. Св. Климент Охридски
_c1996
300 _a424 с.
_bс табл., сх.
_c24 см
380 _a3
650 4 _aДидактика
_9153380
653 _aдидактика
852 _aЦб 188814
856 4 _qpdf
_u
856 4 _qpdf
_u
942 _cKNG
_n0
_06
944 _aCR
_c15.01.2003
_k30563
_lИвелин Русев
944 _aED
_c07.01.2013
_k
999 _c10756
_d10756